Clinical chemistry / (رقم التسجيلة. 30242)
[ عرض عادي ]
| 000 -الفاتح | |
|---|---|
| حقل البيانات ثابتة الطول | 00697nam a22002297a 4500 |
| 003 - محدد رقم الضبط | |
| رقم الضبط | OSt |
| 005 - وقت وتاريخ اخر تعامل مع التسجيلة | |
| رقم الضبط | 20150408114135.0 |
| 008 - عناصر البيانات ثابتة الطول - معلومات عامة | |
| حقل البيانات ثابتة الطول | 130803s2012 stka f 001 0 eng d |
| 020 ## - الرقم الدولى المعيارى للكتب | |
| الرقم الدولى المعيارى للكتاب | 9780723437048 |
| 040 ## - مصدر الفهرسة | |
| وكالة الفهرسة الأصلية | Ma-Un |
| 082 00 - رقم تصنيف ديوى العشرى | |
| رقم الطبعة | 22 |
| رقم التصنيف | 616.0756 |
| رقم المادة | MWC |
| 100 1# - المدخل الرئيسى - إسم شخصى | |
| الإسم الشخصى | Marshall, William J., |
| العنوان والكلمات الأخرى المصاحبة للاسم | ph. D. |
| 9 (RLIN) | 36322 |
| 245 10 - بيان العنوان | |
| العنوان | Clinical chemistry / |
| بيان المسئوليه,etc | William J. Marshall, Stephen K. Bangert, Marta lapsley. |
| 250 ## - بيان الطبعة | |
| بيان الطبعة | 7th ed. |
| 260 ## - PUBLICATION, DISTRIBUTION, ETC. (IMPRINT) | |
| مكان الناشر او الموزع | Edinburgh : |
| اسم الناشر او الموزع | Mosby/Elsevier, |
| تاريخ النشر أو التوزيع | 2012. |
| 300 ## - الوصف المادى | |
| التعداد | 367 p. : |
| تفاصيل ماديه اخرى للوعاء | ill ؛ |
| أبعاد الوعاء | 24 cm. |
| 500 ## - تبصرة عامة | |
| تبصرة عامة | icluding indexs. |
| 650 #0 - المدخل الاضافى بالموضوع-مصطلح موضوعى | |
| مصطلح موضوعي أو اسم جغرافي كعنصر مدخل | Clinical chemistry |
| التقسيم الفرعي الشكلي | Case studies |
| 9 (RLIN) | 36323 |
| 700 1# - المدخل الاضافى - اسم شخصى | |
| الإسم الشخصى | Bangert, S. K. |
| 9 (RLIN) | 36324 |
| 700 1# - المدخل الاضافى - اسم شخصى | |
| الإسم الشخصى | Lapsley, Marta |
| 9 (RLIN) | 36153 |
| 942 ## - | |
| -- | ddc |
| -- | BOOK |
| 999 ## - | |
| -- | 30242 |
| -- | 264742 |
| حالة الفقد | نموذج السعر الفعال | حالة تلف | ليس للاعارة | رقم الطلب | رقم النسخة | تاريخ الاكتساب | Serial Enumeration / chronology | الباركود | الفرع الرئيسي | Date last seen | نوع المادة فى نظام كوها | مصدر التصنيف او خطة الترفيف | Total Checkouts | Date last checked out | مُعار | Total Renewals |
|---|---|---|---|---|---|---|---|---|---|---|---|---|---|---|---|---|
| 2013-10-31 | 616.0756 MWC | 2013-10-31 | AMF | 00403165 | مكتبة كلية العلوم الطبية التطبيقية بالمجمعة - طالبات (AMF) | 2013-10-31 | كتاب | Dewey Decimal Classification | ||||||||
| 2013-10-31 | 616.0756 MWC | 2013-10-31 | AMF | 00403166 | مكتبة كلية العلوم الطبية التطبيقية بالمجمعة - طالبات (AMF) | 2025-01-28 | كتاب | Dewey Decimal Classification | 1 | 2025-01-28 | 2025-04-29 | |||||
| 2013-10-31 | 616.0756 MWC | 2013-10-31 | AMF | 00403167 | مكتبة كلية العلوم الطبية التطبيقية بالمجمعة - طالبات (AMF) | 2023-01-10 | كتاب | Dewey Decimal Classification | 1 | 2023-01-10 | 2025-01-16 | 1 | ||||
| 2013-08-03 | Not For Loan | 616.0756 MWC | 1 | 2013-08-03 | CL | 00206009 | المكتبة المركزية بالمجمعة (CL) | 2013-08-03 | كتاب | Dewey Decimal Classification | ||||||
| 2013-08-03 | 616.0756 MWC | 2 | 2013-08-03 | CL | 00205985 | المكتبة المركزية بالمجمعة (CL) | 2013-08-03 | كتاب | Dewey Decimal Classification | |||||||
| 2013-08-03 | 616.0756 MWC | 3 | 2013-08-03 | CL | 00206010 | المكتبة المركزية بالمجمعة (CL) | 2013-08-03 | كتاب | Dewey Decimal Classification | |||||||
| 2013-08-03 | 616.0756 MWC | 2 | 2013-08-03 | CL | 00206007` | المكتبة المركزية بالمجمعة (CL) | 2013-08-03 | كتاب | Dewey Decimal Classification | |||||||
| 2013-10-31 | 616.0756 MWC | 2013-10-31 | SGM | 00403168 | كلية الشريعة والقانون - طلاب | 2014-04-24 | كتاب | Dewey Decimal Classification | 1 | 2013-12-24 | 1 | |||||
| 2013-10-31 | 616.0756 MWC | 2013-10-31 | SGM | 00403169 | كلية الشريعة والقانون - طلاب | 2013-10-31 | كتاب | Dewey Decimal Classification | ||||||||
| 2013-08-03 | Not For Loan | 616.0756 MWC | 1 | 2013-08-03 | SZM | 00206008 | مكتبة مجمع الكليات بالزلفى - طلاب (SZM) | 2013-08-03 | كتاب | Dewey Decimal Classification |
